Panini World Cup 2018 Stickers - Statistics

General Stats
  • This quiz has been taken 82 times
  • The average score is 31 of 36
Answer Stats
Picture Answer % Correct
Kylian Mbappé
97%
Luka Modrić
97%
Antoine Griezmann
96%
Harry Kane
96%
Hugo Lloris
96%
Mohamed Salah
95%
Thomas Müller
95%
Kevin De Bruyne
93%
Luis Suarez
93%
Romelu Lukaku
92%
Raheem Sterling
91%
Sergio Busquets
91%
Vincent Kompany
91%
Christian Eriksen
89%
Ivan Perišić
89%
Jamie Vardy
89%
Kasper Schmeichel
89%
Raphaël Varane
89%
Casemiro
88%
Sergio Agüero
88%
Keylor Navas
86%
Sadio Mane
86%
Achraf Hakimi
85%
Bernardo Silva
85%
Dani Alves
85%
Mario Mandžukić
82%
Yann Sommer
82%
Diego Godin
81%
Nicolas Otamendi
80%
David Ospina
72%
Nemanja Matić
72%
Rui Patricio
72%
Wojciech Szczesny
69%
Emil Forsberg
61%
Igor Akinfeev
58%
Robin Olsen
50%
No matching quizzes found
Score Distribution
Percent of People with Each Score
Percentile by Number Answered
Your Score History
You have not taken this quiz